Normal view
MARC view
- Lizarralde, Francisco
Entry Nombre Personal
001 - NUMERO DE CONTROL
- campo de control: 44874
003 - IDENTIFICADOR DE NUMERO DE CONTROL
- campo de control: UPN
005 - FECHA Y HORA DE LA ÜLTIMA TRANSACCIÓN
- campo de control: 20220614115617.0
008 - DATOS DE LONGITUD FIJA
- campo de control de longitud fija: 220614|| acnnnaabn | a|a d
024 70 - OTROS IDENTIFICADORES NORMALIZADOS
- Fuente: orcid
- Número normalizado o código: 0000-0002-5401-6791
040 ## - FUENTE DE CATALOGACIÓN
- Agencia original de catalogación: MX-MxUPN
100 1# - ENCABEZAMIENTO - NOMBRE PERSONAL
- Nombre personal: Lizarralde, Francisco
370 ## - LUGAR ASOCIADO
- Associated country: Argentina
372 ## - CAMPO DE ACTIVIDAD
- Field of activity: Ingeniería
- Field of activity: Docencia
373 ## - GRUPO ASOCIADO
- Associated group: Universidad Nacional de Mar del Plata.Instituto de Psicología Básica, Aplicada y Tecnología (IPSIBAT UNMDP-CONICET). Facultad de Psicología – UNMDP.
374 ## - OCUPACIÓN
- Occupation: Profesor universitario
375 ## - GÉNERO
- Gender: masculino
377 ## - LENGUA ASOCIADA
- Language code: spa
670 ## - FUENTE EN LA QUE SE LOCALIZARON DATOS
- Cita de la fuente: En recurso en línea Avances en psicología latinoamericana, Vol. 38, no. 2 (2020):
- Información localizada: página 1 (Francisco Lizarralde)
- Uniform Resource Identifier: https://revistas.urosario.edu.co/index.php/apl/article/view/7368
670 ## - FUENTE EN LA QUE SE LOCALIZARON DATOS
- Cita de la fuente: En el sitio web ResearchGacte, consultado Junio 14, 2022:
- Información localizada: Profesor asociado
- Uniform Resource Identifier: https://www.researchgate.net/profile/Francisco-Lizarralde
902 ## - CATALOGADOR
- Catalogador: RGJD/140622
